| 000 | 00837na a2200277 4500 | ||
|---|---|---|---|
| 001 | 15104 | ||
| 003 | MIRAKIL | ||
| 005 | 20181213154745.0 | ||
| 008 | 161008b tu 000 0 | ||
| 020 | _a9751800919 | ||
| 035 | _a15104 | ||
| 040 |
_aMilas _btur _cTR-AnCHP |
||
| 082 |
_a956.211 _bH89i |
||
| 090 | _a956.211 H89i 2004 | ||
| 100 |
_aHuyugüzel, Ö. Faruk _d1948 - |
||
| 222 | _aİzmir | ||
| 245 |
_aİzmir'de edebiyat ve fikir hareketleri üzerine araştırmalar _cÖ. Faruk Huyugüzel |
||
| 260 |
_aİzmir _bİzmir Büyükşehir Belediyesi _c2004 |
||
| 300 |
_a271 s. _bres. _c24 sm. |
||
| 490 |
_aİzmir Büyükşehir Belediyesi Kent Kitaplığı dizisi _v46 |
||
| 504 | _aDizin var. | ||
| 650 |
_aİzmir _xEdebiyat _yAraştırma |
||
| 651 |
_aİzmir _xEdebiyat _yTarih |
||
| 651 |
_aİzmir _xTarih |
||
| 942 |
_2dcc _cBKS |
||
| 999 |
_c344 _d344 |
||